What's your point? : the 3-step method for making effective presentations

Bibliographic Details
Main Author: Boylon, Bob (Author)
Format: Book
Language:English
Published: Holbrook, Mass. : Adam Media Corporation 2001
Subjects:

MARC

LEADER 00000cam a2200000 7i4500
001 0000010415
005 20240919.0
008 030513 mau eng
020 |a 158062460x 
040 |a INS   |b eng   |e rda 
090 0 0 |a PN4121   |b .B695 2001 
100 1 |a Boylon, Bob ,   |e author 
245 1 0 |a What's your point? :   |b the 3-step method for making effective presentations   |c Bob Boylon 
264 1 |a Holbrook, Mass. :   |b Adam Media Corporation   |c 2001 
300 |a xx, 155 pages :   |b illustrations ;   |c 18 cm. 
336 |a text  |2 rdacontent 
337 |a unmediated  |2 rdamedia 
338 |a volume  |2 rdacarrier 
504 |a Includes bibliographical references and index 
650 0 |a Business presentations 
999 |a 0000008642   |b BOOK   |c Open Shelf   |e Default branch